00672nam a2200193 i 450000100060000000300090000600500170001500700030003200800410003524500570007625000130013326000430014630000340018949000440022383000520026785200210031999900170034095201210035761424ES-MaACL20230906164443.0t|031112s1920 fr ||||1| fre d00aExcercices de géometrie descriptive / cpar F.G.M. a5eme ed. aTours : bAlfred Mame et fils, c1920. aX, 1160 p. : bil. ; c21 cm.1 aCours de mathématiques elémentaires0 aCours de mathématiques elémentaires9182800 aES-MaACLjF-4017 c61424d61424 00104070aATENEOMbATENEOMcDEPO2d2008-01-17eSCl0oF-4017p1064407r2023-02-23 00:00:00w2023-02-23yMONOGRAFIA